[Event "Hannover Ihme Cup"]
[Site "Hannover"]
[Date "2016.05.22"]
[Round "4"]
[White "Hollstein, Fabian"]
[Black "Schulz, Daniel"]
[Result "1-0"]
[WhiteElo "1906"]
[BlackElo "1952"]
[PlyCount "63"]
[EventDate "2016.05.20"]
[EventType "swiss"]
[EventRounds "5"]
[EventCountry "GER"]
[SourceTitle "CBM 189 Extra"]
[Source "ChessBase"]
[SourceDate "2019.06.03"]
[SourceVersion "1"]
[SourceVersionDate "2019.06.03"]
[SourceQuality "1"]

1. d4 Nf6 2. c4 e6 3. Nc3 Bb4 4. e3 b6 5. a3 Bxc3+ 6. bxc3 0-0 7. Bd3 Nc6 8. e4 Ne8 9. Nf3 Ba6 10. 0-0 Na5 11. Qe2 Nb3 12. Ra2 Nxc1 13. Rxc1 Qe7 14. a4 Qd8 15. a5 f5 16. exf5 exf5 17. Ne5 Bb7 18. a6 Bxg2 19. f4 Be4 20. Bxe4 fxe4 21. Qxe4 Nd6 22. Qd5+ Kh8 23. c5 bxc5 24. dxc5 Rxf4 25. cxd6 c6 26. Qc5 Rf5 27. Rg2 Qe8 28. Re1 Qh5 29. Qd4 Re8 30. Ng6+ Qxg6 31. Rxe8+ Qxe8 32. Qxg7# 1-0